000 00402nam a2200133Ia 4500
008 220217s9999||||xx |||||||||||||| ||und||
020 _a0-07-465545-5
082 _a621.381 5 JAC
100 _aJacob, Millman Halkias, Christos, C
245 0 _aIntegrated electronics : Anolog and digital circuits and sys
260 _aTata mcgraw hill
_bNew Delhi
_c2004
300 _b285
650 _aCIRCUITRY
999 _c172676
_d172676